German Cities Ending in... Quiz Stats

 Plays Quiz not verified by Sporcle

Challenge
Share
Tweet
Embed
Score 0/50 Timer 10:00
0 Plays Today
% Correct
Hamburg
95.9%
München
88.2%
Mannheim
76.7%
Dresden
76.5%
Nürnberg
74.6%
Essen
73.1%
Bremerhaven
71.9%
Ludwigshafen
61.3%
Freiburg
59.8%
Heidelberg
58.9%
Augsburg
56.7%
Duisburg
56.1%
Aachen
55.6%
Magdeburg
52.3%
Wilhelmshaven
46.3%
Mönchengladbach
43.5%
Cuxhaven
41.5%
Solingen
39.7%
Göttingen
38.5%
Gelsenkirchen
36.1%
Wiesbaden
35.8%
Reutlingen
35.2%
Zwickau
35.2%
Hildesheim
34.9%
Friedrichshafen
34.8%
% Correct
Bamberg
34.1%
Oberhausen
32.8%
Passau
32.4%
Pforzheim
32.4%
Leverkusen
32%
Esslingen
28.5%
Offenbach
28.1%
Minden
27%
Hanau
26.4%
Dessau-Roßlau
25.3%
Mülheim
24.8%
Recklinghausen
22.3%
Bergisch Gladbach
22.2%
Ratingen
15.7%
Viersen
9.7%
Lörrach
8.1%
Bergheim
7%
Frechen
6.7%
Arnsberg
6.4%
Gronau
6.4%
Menden
6%
Stolberg
4.4%
Gummersbach
4.2%
Euskirchen
4%
Hilden
3.8%

You're not logged in!

Compare scores with friends on all Sporcle quizzes.
OR
Log In

You Might Also Like...

Show Comments

Extras

Top Quizzes Today


Score Distribution

Your Account Isn't Verified!

In order to create a playlist on Sporcle, you need to verify the email address you used during registration. Go to your Sporcle Settings to finish the process.

Report this User

Report this user for behavior that violates our Community Guidelines.

Details: